[Event "Biel"]
[Site "?"]
[Date "1996.??.??"]
[Round "?"]
[White "Lautier, J."]
[Black "Karpov, Anatoly"]
[Result "1/2-1/2"]
[WhiteElo "2620"]
[BlackElo "2775"]
[PlyCount "39"]
[EventDate "1996.??.??"]
[Source "ChessBase"]
[SourceDate "1996.06.01"]

1. d4 e6 2. c4 Nf6 3. Nf3 b6 4. a3 Bb7 5. Nc3 d5 6. cxd5 Nxd5 7. e3 g6 8. Nxd5 exd5 9. b4 a6 10. Bd2 Nd7 11. a4 c6 12. Rc1 Bd6 13. a5 b5 14. Bd3 O-O 15. Qb3 Re8 16. Qb2 Re6 17. O-O Qe7 18. g3 Re8 19. h4 Qd8 20. h5 1/2-1/2

[Event "Reggio Emilia"]
[Site "?"]
[Date "1991.??.??"]
[Round "?"]
[White "Gelfand, B."]
[Black "Karpov, An"]
[Result "1/2-1/2"]
[WhiteElo "2665"]
[BlackElo "2730"]
[PlyCount "181"]
[EventDate "1991.??.??"]
[Source "ChessBase"]
[SourceDate "1991.10.01"]

1. d4 Nf6 2. c4 e6 3. Nf3 b6 4. a3 Bb7 5. Nc3 d5 6. Qa4+ c6 7. cxd5 exd5 8. g3 Bd6 9. Bg2 Nbd7 10. O-O O-O 11. Bf4 Qe7 12. Rad1 Rfe8 13. e3 c5 14. Bxd6 Qxd6 15. dxc5 bxc5 16. Qf4 Qxf4 17. gxf4 Rab8 18. b4 d4 19. exd4 cxb4 20. axb4 Bxf3 21. Bxf3 Rxb4 22. Nd5 Nxd5 23. Bxd5 Nf6 24. Bc6 Rd8 25. d5 Rxf4 26. Ra1 Rd6 27. Rxa7 h5 28. f3 Nxd5 29. Bxd5 Rxd5 30. Ra3 Rg5+ 31. Kh1 Kh7 32. Re3 Kh6 33. Rg1 Ra5 34. Rd3 Rf6 35. Rc3 Rff5 36. Rd3 g6 37. Rc3 Ra4 38. Rd3 Kg7 39. Rc3 Kf6 40. Re3 Re5 41. Rge1 Rxe3 42. Rxe3 Kf5 43. Re2 Kf4 44. Kg2 g5 45. Kf2 f5 46. Rb2 g4 47. fxg4 hxg4 48. Rc2 Ra3 49. Rb2 Kg5 50. Rb8 Ra2+ 51. Kg1 Rd2 52. Ra8 Kf4 53. Ra3 Re2 54. Ra1 Kf3 55. Rf1+ Ke4 56. Ra1 f4 57. Rd1 Rc2 58. Re1+ Kf3 59. Rf1+ Ke3 60. Re1+ Re2 61. Ra1 Rc2 62. Re1+ Kd3 63. Rf1 f3 64. Ra1 Ke2 65. Rb1 Ra2 66. Rf1 Ke3 67. Rb1 Ra4 68. Rb3+ Kf4 69. Rb8 Ra1+ 70. Kf2 Ra2+ 71. Kg1 Rg2+ 72. Kh1 Rd2 73. Kg1 Rg2+ 74. Kh1 Re2 75. Kg1 Rc2 76. Rb4+ Ke3 77. Rb3+ Ke2 78. Rb1 Rd2 79. Ra1 Rb2 80. Rf1 Ke3 81. Ra1 Rg2+ 82. Kh1 g3 83. Ra3+ Kf4 84. Ra4+ Kf5 85. hxg3 Rxg3 86. Kh2 Rg4 87. Ra5+ Kf4 88. Ra4+ Kg5 89. Ra3 f2 90. Rf3 Rf4 91. Rxf4 1/2-1/2

[Event "Alekhin Memorial"]
[Site "Moscow RUS"]
[Date "1992.??.??"]
[Round "?"]
[White "Gelfand, Boris"]
[Black "Karpov, Anatoly"]
[Result "1-0"]
[WhiteElo "2665"]
[BlackElo "2725"]
[PlyCount "75"]
[EventDate "1992.??.??"]
[Source "www.chesslib.no"]
[SourceDate "2004.05.04"]

1. d4 Nf6 2. c4 e6 3. Nf3 b6 4. a3 Bb7 5. Nc3 d5 6. Qc2 Nbd7 7. cxd5 Nxd5 8. Nxd5 Bxd5 9. e4 Bb7 10. Bb5 c6 11. Bxc6 Rc8 12. d5 Qc7 13. Nd4 Bxc6 14. Nxc6 Nb8 15. Be3 Nxc6 16. Rc1 Bc5 17. dxc6 Qxc6 18. O-O O-O 19. b4 Bxe3 20. Qxc6 Bxc1 21. Qa4 Rc7 22. Rd1 g6 23. g3 Rfc8 24. Rd7 Bb2 25. Kg2 Kg7 26. f4 Bc3 27. Qd1 a5 28. Rxc7 Rxc7 29. Qd6 Rc4 30. Qd3 b5 31. a4 axb4 32. axb5 Rd4 33. Qe3 e5 34. b6 Rd7 35. Qc5 Rd2+ 36. Kh3 Bd4 37. Qc1 Bc3 38. fxe5 1-0

[Event "Dortmund"]
[Site "?"]
[Date "1995.??.??"]
[Round "?"]
[White "Lobron, E."]
[Black "Karpov, An"]
[Result "0-1"]
[WhiteElo "2595"]
[BlackElo "2775"]
[PlyCount "62"]
[EventDate "1995.??.??"]
[Source "ChessBase"]
[SourceDate "1995.06.01"]

1. d4 Nf6 2. c4 e6 3. Nf3 b6 4. a3 Bb7 5. Nc3 d5 6. cxd5 Nxd5 7. e3 g6 8. Bb5+ c6 9. Bd3 Bg7 10. Ne2 c5 11. dxc5 bxc5 12. Qc2 Nd7 13. e4 N5b6 14. Nc3 c4 15. Be2 Nc5 16. O-O Qc7 17. Bg5 O-O 18. Nd2 Rfc8 19. f4 a5 20. e5 Ba6 21. Nde4 Nxe4 22. Nxe4 Nd5 23. Qd2 Rab8 24. Nd6 Qb6+ 25. Kh1 Rc6 26. Rac1 Qxb2 27. Qxb2 Rxb2 28. Bxc4 Bxc4 29. Nxc4 Rb8 30. Nd6 Rxc1 31. Rxc1 h6 0-1